000 00505nam a2200145Ia 4500
008 180921t xxu||||| ||||o00| 0 eng d
041 _aeng
080 _aVol.2 1880-1894
245 _aordinances Nos. : No.4 of 1894. An ordinance To Provide For The Continuance of The Export Duty on Tea Levied Under ordinance No.15 of 1892. (See Under No.17 of 1869,Vol.1.,Page 720.)
300 _ap.1013, 23 cm
650 _aExport Duty On Tea
942 _cBK
999 _c51180
_d51180
003 LK-CoDNM
040 _aLK-CoDNM
_dLK-CoDNM
_eLK-CoDNM